000 00384nam a2200157Ia 4500
008 230917s9999||||xx |||||||||||||| ||und||
040 _e151854
_aMAIN
041 _aEnglish
082 _a342 K48A
100 _aKesari, U.P.D.
245 0 _aAdministrative law
250 _a17th ed.
260 _aAllahabad
_bCentral Law Pyblications
_c2008
300 _axi, 570p p.
942 _cBK
999 _c154315
_d154315